Trajetória do Tribunal de Justiça de Mato Grosso : (Record no. 1083)

MARC details
000 -LÍDER
Campo Fixo de Controle 00894nam a2200253 a 4500
001 - NÚMERO DE CONTROLE
Campo de Controle 1083
003 - IDENTIFICAÇÃO DO NÚMERO DE CONTROLE
Campo de Controle BR-CuiBMT
005 - DATA E HORA DA ÚLTIMA ATUALIZAÇÃO
Campo de Controle 20231212220628.0
008 - DADOS FIXOS
Dados Fixos 231128s2005 mtba 000 0 por d
020 ## - INTERNATIONAL STANDARD BOOK NUMBER
Nº do ISBN 8587226274
040 ## - AGÊNCIA CATALOGADORA
Código da Agência Catalogadora BR-CuiBMT
Agência que transcreveu o registro BR-CuiBMT
080 ## - Nº DA CLASSIFICAÇÃO DECIMAL UNIVERSAL
Nº edição CDU 2007
Nº Class. CDU 347.993
Subd. Auxiliar Comum (817.2)
-- (091)
090 ## - NÚMERO DE CHAMADA
Nº classificação 347.993(817.2)(091)
Cutter M433t
110 1# - ENTRADA PRINCIPAL -- ENTIDADE
Nome da entidade ou lugar Mato Grosso.
Unidade subordinada Tribunal de Justiça.
245 10 - TÍTULO PRINCIPAL
Título principal Trajetória do Tribunal de Justiça de Mato Grosso :
Subtítulo 130 anos /
Indicação de responsabilidade [pesquisa, organização e redação: Elizabeth Madureira Siqueira].
260 ## - PUBLICAÇÃO, DISTRIBUIÇÃO, ETC.
Local de publicação Cuiabá :
Editora Entrelhinhas,
Data 2005.
300 ## - DESCRIÇÃO FÍSICA
N. páginas ou volumes 270 p. :
Ilustrações il. color. ;
Dimensões 32 cm +
Material adicional 1 CD-ROM
504 ## - NOTA DE BIBLIOGRAFIA, ETC.
Nota de bibliografia Inclui bibliografia
590 ## - NOTA LOCAL
Nota local O exemplar 2 da biblioteca não possui CD-ROM.
650 ## - ASSUNTO TÓPICO
Cabeçalho tópico ou nome geográfico Tribunal de Justiça
Subdivisão geográfica Mato Grosso
650 ## - ASSUNTO TÓPICO
Cabeçalho tópico ou nome geográfico História
700 ## - ENTRADA SECUNDÁRIA -- NOME PESSOAL
Nome pessoal Siqueira, Elizabeth Madureira
Datas associadas ao nome 1947-
Cód. do termo explicativo org.
942 ## - ELEMENTOS DE ENTRADA ADICIONAIS (KOHA)
Fonte de classificação ou esquema de arquivamento Classificação Decimal Universal
Tipo de item do Koha Livros
Holdings
Estado: removido Estado: perdido Fonte de classificação ou esquema de arquivamento Estado: danificado Indisponível para empréstimo Localização permanente Localização atual Data de aquisição Total Checkouts Número de Chamada completo Código de barras Date last seen Número do exemplar Preço efetivo a partir de Tipo de item (Koha) Especificação Nota pública
    Classificação Decimal Universal     Biblioteca da Escola Superior de Contas do TCE/MT Biblioteca da Escola Superior de Contas do TCE/MT 28/11/2023   347.993(817.2)(091) M433t BIBTCEMT23111233 28/11/2023 Ex. 1 28/11/2023 Livros    
    Classificação Decimal Universal     Biblioteca da Escola Superior de Contas do TCE/MT Biblioteca da Escola Superior de Contas do TCE/MT 12/12/2023   347.993(817.2)(091) M433t BIBTCEMT23120423 12/12/2023 Ex. 1 12/12/2023 CD-ROM Material adicional do Ex. 1 do livro CD-ROM
    Classificação Decimal Universal     Biblioteca da Escola Superior de Contas do TCE/MT Biblioteca da Escola Superior de Contas do TCE/MT 18/03/2024   347.993(817.2)(091) M433t BIBTCEMT24030016 18/03/2024 Ex. 2 18/03/2024 Livros    

Powered by Koha